| 000 | 00774nam a22001817a 4500 | ||
|---|---|---|---|
| 003 | BD-DhUL | ||
| 005 | 20161017155253.0 | ||
| 008 | 160824b1989 bgu||||| |||| 00| 0 eng d | ||
| 040 |
_aBD-DhUL _cBD-DhUL |
||
| 082 | 0 |
_a809.13 _bART |
|
| 100 | _4সিরাজুল ইসলাম চৌধুরী | ||
| 245 |
_aএ্যারিস্টটলের কাব্যতত্ব / _cসিরাজুল ইসলাম চৌধুরী |
||
| 250 | _a১ম গ্লোব সংস্করন | ||
| 260 |
_aঢাকা : _bগ্লোব লাইব্রেরী, _c১৯৮৯ |
||
| 300 |
_a১০০ পৃ. : _c২২ সে.মি. |
||
| 650 | _aগ্রীক কবিতা - সমালোচক ও ব্যাখ্যা | ||
| 942 |
_2ddc _cBK |
||
| 999 |
_c110276 _d110276 |
||